Очистка сточных вод. ... за 1970 (2-е полугодие) - 1972 гг. (1-е полугодие) (Запись № 7980978)

Подробности
000 -МАРКЕР
контрольное поле 01343nam2a22002771 4500
001 - ИДЕНТИФИКАТОР ЗАПИСИ
контрольное поле rc\3450924
005 - ИДЕНТИФИКАТОР ВЕРСИИ
контрольное поле 20260406084309.0
021 ## - НОМЕР ГОСУДАРСТВЕННОЙ РЕГИСТРАЦИИ
Код страны Российская Федерация
Номер [72-90316]
035 ## - ДРУГИЕ СИСТЕМНЫЕ НОМЕРА
Идентификатор записи (NLR Aleph) 007891518
100 ## - ДАННЫЕ ОБЩЕЙ ОБРАБОТКИ
Данные общей обработки 20130115d1972 |||y0rusy50 ca
101 0# - ЯЗЫК РЕСУРСА
Язык текста, звукозаписи и т.д. русский
102 ## - СТРАНА ПУБЛИКАЦИИ ИЛИ ПРОИЗВОДСТВА
Страна публикации Российская Федерация
105 ## - ПОЛЕ КОДИРОВАННЫХ ДАННЫХ: ТЕКСТОВЫЕ МАТЕРИАЛЫ, МОНОГРАФИЧЕСКИЕ
Кодированные данные о монографическом текстовом документе y z |||||
200 0# - ЗАГЛАВИЕ И СВЕДЕНИЯ ОБ ОТВЕТСТВЕННОСТИ
Основное заглавие ... за 1970 (2-е полугодие) - 1972 гг. (1-е полугодие)
Первые сведения об ответственности [Сост. Дробикова А.А.]
210 ## - ПУБЛИКАЦИЯ, РАСПРОСТРАНЕНИЕ И ДР.
Дата издания, распространения и т.д. 1972
Место издания, распространения и т.д. Б. м.
215 ## - ФИЗИЧЕСКАЯ ХАРАКТЕРИСТИКА
Специфическое обозначение материала и объем 95 с.
225 1# - СЕРИЯ
Основное заглавие серии ...
Обозначение тома № 1722/72]
461 #0 - УРОВЕНЬ НАБОРА
Встроенное поле 001rc\3450923
-- 2001#$aОчистка сточных вод$eКнижная, журн. и пат. литература на рус. и иностр. языке ...$v... за 1970 (2-е полугодие) - 1972 гг. (1-е полугодие)
Системный номер (АБИС) связанной записи 7980972
Место публикации Москва
Дата публикации 1972
Имя издателя, распространителя и т.д. Б. и.
Сведения, относящиеся к заглавию Книжная, журн. и пат. литература на рус. и иностр. языке ...
Заглавие Очистка сточных вод
Номер тома ... за 1970 (2-е полугодие) - 1972 гг. (1-е полугодие)
702 #1 - ИМЯ ЛИЦА - ВТОРИЧНАЯ ОТВЕТСТВЕННОСТЬ
Код отношения Составитель
Графика поля Кириллица
Материалы, к которым относится поле rus
Начальный элемент ввода Дробикова
Часть имени, кроме начального элемента ввода А. А.
Даты 1926-
Расширение инициалов личного имени Антонина Андреевна
Системный номер авторитетной/нормативной записи 2650909
Идентификатор авторитетной/нормативной записи RU\NLR\AUTH\770278942
801 #0 - ИСТОЧНИК ЗАПИСИ
Страна Российская Федерация
Организация NLR
Правила каталогизации psbo
801 #1 - ИСТОЧНИК ЗАПИСИ
Страна Российская Федерация
Организация ELAR
Источник данных rusmarc
852 ## - МЕСТОНАХОЖДЕНИЕ И ШИФР ХРАНЕНИЯ
Идентификатор организации NLR
Шифр хранения (Call Number) С337-410/О-95
942 ## - ДОПОЛНИТЕЛЬНЫЕ ЭЛЕМЕНТЫ ЗАПИСИ (АБИС)
Тип экземпляра АБИС Книга
980 ## - КОЛЛЕКЦИЯ
Название коллекции Национальная библиография
Экземпляры
Тип экземпляра Дата поступления Библиотека постоянного хранения Библиотека текущего хранения Место хранения Шифр хранения Штрих-код Статус экземпляра
Книга 26.10.2013 РНБ (Московский) РНБ (Московский) Центральная справочная библиотека С337-410/О-95 1-3663274  
Книга 21.02.2023 РНБ (Московский) РНБ (Московский) Центральная справочная библиотека С337-410/О-95 1-3663275